000 004600000a22001810004500
003 LK-CoMWRAF
005 20230924144647.0
008 230817t ||||| |||| 00| 0 eng d
040 _aLK-CoMWRAF
_dLK-CoMWRAF
_eLK-CoMWRAF
041 _aeng
082 _a297
_bEJG
100 _aEl-Geyoushi, Muhammad Ibraheem
245 _aTeachings of Islam
260 _aEngland :
_bIslamic Cultural Centre,
300 _a145p
650 _aIslam-Teaching
942 _cBK
999 _c1362
_d1362